Confesiones (Registro nro. 5020)

Detalles MARC
000 -CABECERA
Longitud fija campo de control 00899nam a2200265 i 4500
005 - FECHA Y HORA DE LA ULTIMA TRANSACCION
Fecha y hora de la última transacción 20250923132953.0
008 - CODIGOS DE INFORMACION DE LONGITUD FIJA
Códigos de información de longitud fija 140420s2005 mx a gr 000 0 spa d
020 ## - NUMERO INTERNACIONAL NORMALIZADO PARA LIBROS
Número Internacional Normalizado para Libros (ISBN) 9700755401
040 ## - FUENTE DE LA CATALOGACION
Centro catalogador de origen CO-BoRNBP
Lengua de catalogación spa
Centro transcriptor CO-BoRNBP
Normas de descripción rda
082 04 - NUMERO DE LA CLASIFICACION DECIMAL DEWEY
Número de clasificación (R) 242.2
Número del ítem A38c
Número de edición 23
100 1# - PUNTO DE ACCESO PRINCIPAL-NOMBRE DE PERSONA
Nombre de persona Agustín, Santo,
Fechas asociadas al nombre 354-430
Término indicativo de función autor
245 10 - TITULO PROPIAMENTE DICHO
Título Confesiones
Mención de responsabilidad, etc. San Agustín ; versión, introducción y notas de Francisco Montes de Oca
250 ## - MENCION DE EDICION
Mención de edición decimosexta edición
264 #1 - PRODUCCION, PUBLICACION , DISTRIBUCION, FABRICACION Y COPYRIGHT
Lugar de producción, publicación, distribución, fabricación México
Nombre del productor, editor, distribuidor, fabricante Porrúa
Fecha de de producción, publicación, distribución, fabricación o copyright 2005
300 ## - DESCRIPCION FISICA
Extensión 335 páginas
Dimensiones 21 cm
336 ## - TIPO DE CONTENIDO
Término de tipo de contenido texto
Código de tipo de contenido txt
Fuente rdacontenido
337 ## - TIPO DE MEDIO
Nombre del tipo de medio sin mediación
Código del tipo de medio n
Fuente rdamedia
338 ## - TIPO DE SOPORTE
Nombre del tipo de soporte volumen
Código del tipo de soporte nc
Fuente rdacarrier
650 17 - PUNTO DE ACCESO ADICIONAL DE MATERIA - TERMINO DE MATERIA
Término de materia o nombre geográfico como elemento inicial Filosofía cristiana
Fuente del encabezamiento LEMB
650 17 - PUNTO DE ACCESO ADICIONAL DE MATERIA - TERMINO DE MATERIA
Término de materia o nombre geográfico como elemento inicial Meditaciones
Fuente del encabezamiento LEMB
700 1# - PUNTO DE ACCESO ADICIONAL - NOMBRE DE PERSONA
Nombre de persona Montes de Oca, Francisco,
Término indicativo de función introducción y notas
700 1# - PUNTO DE ACCESO ADICIONAL - NOMBRE DE PERSONA
Nombre de persona Ribadeneyra, Pedro,
Término indicativo de función traductor.
942 ## - ENTRADA DE ELEMENTOS AGREGADOS (KOHA)
Koha [por defecto] tipo de item LIbro
Fuente de clasificaión o esquema Dewey Decimal Classification
Existencias
Perdido Fuente de clasificación o esquema Estado Físico No para préstamo Forma de adquisición Localización permanente Localización actual Localización en estanterías Fecha adquisición Préstamos totales Renovaciones totales Signatura completa Código de barras Fecha última consulta Fecha último préstamo Número de copia Fecha del precio de reemplazo Tipo de item de Koha Note pública
  Dewey Decimal Classification     Sala General Biblioteca Pública Departamental Eduardo Carranza - Villavicencio Biblioteca Pública Departamental Eduardo Carranza - Villavicencio General 05/28/2009 1 1 242.2 A38c ECA18734 09/22/2025 08/21/2025 Ej.2 11/26/2024 LIbro 1913 | 2275









Instituto Departamental de Cultura del Meta - Red Departamental de Bibliotecas Públicas del Meta.